Vocabulaire Anglais #2 - Cliquez sur l'image - Statistiques

Statistiques générales
  • Ce quiz a été pris 3 916 fois
  • Le résultat moyen est 22 sur 24
Réponses sur la Carte
Les réponses sont colorées sur une échelle allant du rouge au vert en fonction du pourcentage des utilisateurs qui les ont devinées à leur premier essai. Vous pouvez retrouver ces pourcentages ci-dessous.
 
Statistiques - réponses
Réponse % Correct
A banana
96%
A cat
96%
A hand
95%
A heart
95%
A house
95%
A key
95%
A map
95%
A mouse
95%
An egg
95%
A pig
95%
Cherries
95%
Fire
95%
A boat
94%
A magnifying glass
94%
An umbrella
94%
A cloud
93%
A sheep
91%
A pill
85%
A bone
83%
A lobster
82%
An owl
82%
A ladder
78%
An axe
77%
A feather
74%
Aucun quiz correspondant
Distribution des résultats
% des personnes avec chaque résultat
Percentile par nombre de réponses
Votre historique - résultats
Vous n’avez pas pris ce quiz